Analýza a syntéza textúry použitím neurónových sietí

Enregistré dans:
Détails bibliographiques
Auteur principal: Hudec, Lukáš (Auteur)
Autres auteurs: Benešová, Vanda (Directeur de thèse)
Format: Manuscrit Livre
Langue:slovaque
anglais
Publié: 2021
Sujets:
Accès en ligne:http://is.stuba.sk/zp/portal_zp.pl?podrobnosti=145815
Tags: Ajouter un tag
Pas de tags, Soyez le premier à ajouter un tag!

MARC

LEADER 00000ntm a22000003a 4500
001 stuzp66222
003 SK-STU
005 20210904210450.5
007 ta
008 150427s2015----xo-----f-mn---000-0-slo-d
040 |a STU  |b slo 
041 0 |a eng 
100 1 |a Hudec, Lukáš  |u 070400  |k Z2  |4 aut  |U FIIT Fakulta informatiky a informačných technológií  |T FIIT Ústav počítačového inžinierstva a aplikovanej informatiky  |X 52443  |U I400  |Y 672  |7 52443 
242 0 1 |a Analýza a syntéza textúry použitím neurónových sietí  |y slo 
245 1 0 |a Analýza a syntéza textúry použitím neurónových sietí 
260 |c 2021 
650 4 |a syntéza  |2 slo 
650 4 |a neurónové siete  |2 slo 
650 4 |a digitálna patológia  |2 slo 
650 4 |a podobnosť textúr  |2 slo 
650 4 |a texture similarity  |2 eng 
650 4 |a synthesis  |2 eng 
650 4 |a neural networks  |2 eng 
650 4 |a digital pathology  |2 eng 
700 1 |a Benešová, Vanda  |u 070400  |k Z1  |4 ths  |U FIIT Fakulta informatiky a informačných technológií  |T FIIT Ústav počítačového inžinierstva a aplikovanej informatiky  |X 63121  |U I400  |Y 672  |7 63121 
856 4 |u http://is.stuba.sk/zp/portal_zp.pl?podrobnosti=145815